Celebrity Deaths 1960-1969 - Statistics

General Stats
  • This quiz has been taken 168 times
  • The average score is 19 of 30
Answer Stats
Hint Year Answer % Correct
The civil rights hero who said "I have a dream" 1968 Martin Luther King, Jr.
95%
Hollywood's most famous blonde sex symbol 1962 Marilyn Monroe
94%
US President who promised to land a man on the moon by 1969 1963 John F. Kennedy
91%
Cartoonist, animator, director and creator of Mickey Mouse 1966 Walt Disney
84%
Vietnamese revolutionary, former capital city was renamed in his honor 1969 Ho Chi Minh
83%
Led England several times, most importantly during WWII 1965 Winston Churchill
81%
Actress who created iconic roles in The Wizard of Oz and A Star Is Born 1969 Judy Garland
80%
Black Muslim leader who called for racial segregation 1965 Malcolm X
80%
Diplomat, activist and the longest-serving first lady of the United States 1962 Eleanor Roosevelt
79%
Argentine Marxist revolutionary and a major figure of the Cuban Revolution 1967 Che Guevara
74%
British writer, best known for his James Bond series of spy novels 1964 Ian Fleming
74%
Supreme commander of Allied forces in WWII 1969 Dwight Eisenhower
73%
American actor who starred in Gone with the Wind and Mutiny on the Bounty 1960 Clark Gable
71%
US President during the beginning of the Depression 1964 Herbert Hoover
70%
American novelist who wrote Old Man and the Sea 1961 Ernest Hemingway
69%
US General who played a prominent role in the Pacific theater during WWII 1964 Douglas MacArthur
64%
British writer and the author of The Chronicles of Narnia 1963 C.S. Lewis
63%
Scarlett O'Hara in Gone With the Wind 1967 Vivien Leigh
63%
Soviet cosmonaut who became the first human to journey into outer space 1968 Yuri Gagarin
63%
The tall actor who starred in High Noon 1961 Gary Cooper
58%
Mellow voiced singer of 'Unforgettable' and 'Mona Lisa' 1965 Nat King Cole
53%
The silent film comedy great known as "The Great Stone Face" 1966 Buster Keaton
50%
French singer most widely known for her song 'La Vie en rose' 1963 Edit Piaf
50%
Indian independence movement leader and Prime minister from 1947 to 1964 1964 Jawaharlal Nehru
49%
American professional boxer who competed from 1947 to 1955 1969 Rocky Marciano
39%
French author who wrote The Stranger and The Plague 1960 Albert Camus
38%
Russian writer and the author of Doctor Zhivago 1960 Boris Pasternak
36%
The founder of analytical psychology 1961 Carl Jung
34%
Danish atomic physicist who won 1922's Nobel Prize 1962 Niels Bohr
34%
Swedish diplomat and Secretary-General of the UN from 1953 to 1961 1961 Dag Hammarskjold
24%
No matching quizzes found
Score Distribution
Percent of People with Each Score
Percentile by Number Answered
Your Score History
You have not taken this quiz